| 000 | 00942nam a2200241 a 4500 | ||
|---|---|---|---|
| 003 | CBULib | ||
| 005 | 20240604075852.0 | ||
| 008 | 110901s2011 ||||||||||||||||| || u | ||
| 020 | _a9789211170399 | ||
| 040 |
_aCBULib _bEnglish _cCBULib _dCBULib _erda |
||
| 050 | _aUNECE(02)2011/9 | ||
| 110 | _aUnited Nations Economic Commission for Europe (UNECE) | ||
| 245 | 1 | 0 |
_aPromoting innovation in the services sector: review of experiences and policies _cby United Nations Economic Commission for Europe [UNECE] |
| 260 |
_aGeneva: _bUnited Nations Economic Commission for Europe (UNECE) _c2011 |
||
| 300 | _ax, 210pages.: illustrations | ||
| 336 |
_2rdacontent _aText | _btxt |
||
| 337 |
_2rdamedia _aUnmediated | _bc |
||
| 338 |
_2rdacarrier _aVolume _bnc |
||
| 650 | 0 |
_a INDUSTRIE SERVICES--INNOVATION--EUROPE _92947 |
|
| 650 | 0 |
_aUTILITY SERVICES--EUROPE _92925 |
|
| 942 |
_2mc _c029 |
||
| 999 |
_c55083 _d55083 |
||